C-gears : (رقم التسجيلة. 14506)
[ عرض عادي ]
| 000 -LEADER | |
|---|---|
| fixed length control field | 01550nam a2200325 a 4500 |
| 003 - CONTROL NUMBER IDENTIFIER | |
| control field | EG-GiCUC |
| 005 - DATE AND TIME OF LATEST TRANSACTION | |
| control field | 20250223025515.0 |
| 008 - FIXED-LENGTH DATA ELEMENTS--GENERAL INFORMATION | |
| fixed length control field | 090127s2008 ua dh f m 000 0 eng d |
| 040 ## - CATALOGING SOURCE | |
| Original cataloging agency | EG-GiCUC |
| Language of cataloging | eng |
| Transcribing agency | EG-GiCUC |
| 041 0# - LANGUAGE CODE | |
| Language code of text/sound track or separate title | eng |
| 049 ## - LOCAL HOLDINGS (OCLC) | |
| Holding library | Deposite |
| 097 ## - Thesis Degree | |
| Thesis Level | M.Sc |
| 099 ## - LOCAL FREE-TEXT CALL NUMBER (OCLC) | |
| Classification number | Cai01.13.13.M.Sc.2008.Mo.C |
| 100 0# - MAIN ENTRY--PERSONAL NAME | |
| Personal name | Mostafa Mohamed Kamal Bedewy |
| 245 10 - TITLE STATEMENT | |
| Title | C-gears : |
| Remainder of title | Comparative study and envisaged applicatin in rotorcraft transmissions / |
| Statement of responsibility, etc. | Mostafa Mohamed Kamal Bedewy ; Supervised Hani A . Arafa |
| 246 15 - VARYING FORM OF TITLE | |
| Title proper/short title | التروس ذات الأسنان المقوسة : |
| Remainder of title | دراسة مقارنة والتطبيق المقترح فى نواقل الحركة بالطائرات المروحية |
| 260 ## - PUBLICATION, DISTRIBUTION, ETC. | |
| Place of publication, distribution, etc. | Cairo : |
| Name of publisher, distributor, etc. | Mostafa Mohamed Kamal Bedewy , |
| Date of publication, distribution, etc. | 2008 |
| 300 ## - PHYSICAL DESCRIPTION | |
| Extent | 104 P. : |
| Other physical details | charts , facsimiles ; |
| Dimensions | 30cm |
| 502 ## - DISSERTATION NOTE | |
| Dissertation note | Thesis (M.Sc.) - Cairo University - Faculty of Engineering - Department of Mechanical Design and Production |
| 520 ## - SUMMARY, ETC. | |
| Summary, etc. | The family of cylindrical parallel-axis involute gearing currently include spur helical and double-helical gears all having straight tooth traces in thedeveloped pitch plane however gears with curved tooth traces were also suggested several times in the past hundred and sixty years |
| 530 ## - ADDITIONAL PHYSICAL FORM AVAILABLE NOTE | |
| Additional physical form available note | Issued also as CD |
| 653 #4 - INDEX TERM--UNCONTROLLED | |
| Uncontrolled term | C-gears |
| 653 #4 - INDEX TERM--UNCONTROLLED | |
| Uncontrolled term | Double-helical gears |
| 653 #4 - INDEX TERM--UNCONTROLLED | |
| Uncontrolled term | Gear cutting |
| 700 0# - ADDED ENTRY--PERSONAL NAME | |
| Personal name | Hani Ali Arafa , |
| Relator term | |
| 856 ## - ELECTRONIC LOCATION AND ACCESS | |
| Uniform Resource Identifier | <a href="http://172.23.153.220/th.pdf">http://172.23.153.220/th.pdf</a> |
| 905 ## - LOCAL DATA ELEMENT E, LDE (RLIN) | |
| Cataloger | Nazla |
| Reviser | Revisor |
| 905 ## - LOCAL DATA ELEMENT E, LDE (RLIN) | |
| Cataloger | Soheir |
| Reviser | Cataloger |
| 942 ## - ADDED ENTRY ELEMENTS (KOHA) | |
| Source of classification or shelving scheme | Dewey Decimal Classification |
| Koha item type | Thesis |
| Source of classification or shelving scheme | Not for loan | Home library | Current library | Date acquired | Full call number | Barcode | Date last seen | Koha item type | Copy number |
|---|---|---|---|---|---|---|---|---|---|
| Dewey Decimal Classification | المكتبة المركزبة الجديدة - جامعة القاهرة | قاعة الرسائل الجامعية - الدور الاول | 11.02.2024 | Cai01.13.13.M.Sc.2008.Mo.C | 01010110050524000 | 22.09.2023 | Thesis | ||
| Dewey Decimal Classification | المكتبة المركزبة الجديدة - جامعة القاهرة | مخـــزن الرســائل الجـــامعية - البدروم | 11.02.2024 | Cai01.13.13.M.Sc.2008.Mo.C | 01020110050524000 | 22.09.2023 | CD - Rom | 50524.CD |